| Tag |
First Indicator |
Second Indicator |
Subfields |
| LEADER |
00000cam a2200000 i 4500 |
| 001 |
in00002784848 |
| 005 |
20150922144917.0 |
| 008 |
120928s2012 gw b 100 0 ger d |
| 020 |
|
|
|a 3895289094 (pbk.)
|
| 020 |
|
|
|a 9783895289095 (pbk.)
|
| 035 |
|
|
|a (OCoLC)ocn811589837
|
| 040 |
|
|
|a OHX
|c OHX
|d UAT
|d MNU
|d TXA
|d UtOrBLW
|
| 049 |
|
|
|a TXAM
|
| 090 |
|
|
|a PT2625.A95
|b Z63 2012
|
| 245 |
0 |
0 |
|a "Einzelteilchen aller Menschengehirne" :
|b Subjekt und Subjektivität in Friederike Mayröckers (Spät-)Werk /
|c Françoise Lartillot, Aurélie Le Née, Alfred Pfabigan (Hgg.).
|
| 264 |
|
1 |
|a Bielefeld :
|b Aisthesis,
|c 2012.
|
| 300 |
|
|
|a 151 pages ;
|c 21 cm.
|
| 336 |
|
|
|a text
|b txt
|2 rdacontent
|
| 337 |
|
|
|a unmediated
|b n
|2 rdamedia
|
| 338 |
|
|
|a volume
|b nc
|2 rdacarrier
|
| 500 |
|
|
|a Papers from an international workshop held at the Universität Wien (Vienna, Austria), 17-18 June 2010.
|
| 504 |
|
|
|a Includes bibliographical references.
|
| 600 |
1 |
0 |
|a Mayröcker, Friederike,
|d 1924-
|x Criticism and interpretation
|v Congresses.
|
| 650 |
|
0 |
|a Subjectivity in literature
|v Congresses.
|
| 700 |
1 |
|
|a Lartillot, Françoise.
|
| 700 |
1 |
|
|a Le Née, Aurélie,
|d 1980-
|
| 700 |
1 |
|
|a Pfabigan, Alfred,
|d 1947-
|
| 710 |
2 |
|
|a Universität Wien.
|
| 948 |
|
|
|a cataloged
|b h
|c 2012/11/20
|d c
|e dmitchel
|f 11:00:00 am
|
| 994 |
|
|
|a C0
|b TXA
|
| 999 |
|
|
|a MARS
|
| 999 |
f |
f |
|s 7068d408-5551-3588-8cc1-da2d7c166612
|i edc660ce-8be6-38d0-bd4c-6f09e9688c79
|t 0
|
| 952 |
f |
f |
|p normal
|a Texas A&M University
|b College Station
|c Sterling C. Evans Library
|d Evans: Library Stacks
|t 0
|e PT2625.A95 Z63 2012
|h Library of Congress classification
|i unmediated -- volume
|m A14838750686
|
| 998 |
f |
f |
|a PT2625.A95 Z63 2012
|t 0
|l Evans: Library Stacks
|